01284nam a2200277Ia 4500001000900000003000500009005001700014008004100031010001100072040000900083082001700092245024500109260010500354300001300459503000800472504002700480650001600507650003100523650004000554650001200594650002500606650005700631650004200688650003800730710023800768dia_4561CHAP20251023153631.0220117s1974 xx 000 0 und d a175226 cCHAP a664 F68 1974 aFood science in developing countries : a selection of unsolved problems /c comp. by the Advisory Committee on Technology Innovation of the Board on Science and Technology for International Development Commission on International Relations aEstados Unidos de América :b National Academy of Sciences :,b National research council,c1974 ax, 79 p. aC/e aIncluye bibliografía aAlimentos  aAlimentosxComposición  aFood industryxDeveloping countries aFoods  aFoodsxComposition  aIndustria de los alimentosxPaíses en desarrollo  aNutriciónxPaíses desarrollados  aNutritionxDeveloping countries  aNational Academy of Sciences (Estados Unidos) \ National Research Council (Estados Unidos). Board on Science and Technology for International Development. Commission International Relations. Advisor Committee on Technology Innovation